000 00866nam a2200289Ia 4500
005 20260324130502.0
008 008 260324s9999 xx 000 0 eng d
020 _a9781849772334
037 _aEBOOK
040 _aCRL
040 _beng
040 _cCRL
041 _2eng
041 _aeng
084 _qCRL
100 _aDavid Milborrow; Nick Shah; Rob Gross; Mark Barrett; Godfrey Boyle; Bob Everett; Simon Watson; David Infield; David Andrews; Bernhard Lange; Michael Laughton; Graham Sinden; Fred Starr; Brian Hurley
_91181963
245 0 _aRenewable Electricity and the Grid
245 4 _bThe Challenge of Variability
260 _bTaylor and Francis
260 _c2007
365 _a
365 _b290
856 _uhttp://www.taylorfrancis.com/books/9781849772334
942 _cEBOOK
999 _c1778167
_d1778167